[Event "World Team Chess Championship"]
[Site "Khanty-Mansiysk RUS"]
[Date "2017.06.26"]
[EventDate "2017.06.17"]
[Round "9.5"]
[Result "1/2-1/2"]
[White "Radoslaw Wojtaszek"]
[Black "Ding Liren"]
[WhiteElo "2730"]
[BlackElo "2783"]
[PlyCount "55"]

1. d4 Nf6 2. c4 e6 3. Nf3 d5 4. Nc3 c6 5. e3 Nbd7 6. Qc2 Bd6
7. Bd3 O-O 8. O-O e5 9. cxd5 cxd5 10. Nb5 Bb8 11. dxe5 Nxe5
12. Nxe5 Bxe5 13. Bd2 a6 14. Bc3 Bxc3 15. Nxc3 d4 16. exd4
Qxd4 17. Rad1 Qb6 18. Rd2 Be6 19. h3 Rac8 20. Qa4 Rfd8
21. Rfd1 g6 22. Bf1 Rxd2 23. Rxd2 Kg7 24. Qd4 Qxd4 25. Rxd4
Rc7 26. f3 Ng8 27. Kf2 Ne7 28. Rd2 1/2-1/2

[Event "8th Hainan Danzhou"]
[Site "Danzhou CHN"]
[Date "2017.07.09"]
[EventDate "2017.07.09"]
[Round "1.3"]
[Result "1/2-1/2"]
[White "Wang Hao"]
[Black "Ding Liren"]
[WhiteElo "2698"]
[BlackElo "2781"]
[PlyCount "51"]

1. d4 Nf6 2. c4 e6 3. Nf3 d5 4. Nc3 c6 5. e3 Nbd7 6. Qc2 Bd6
7. Be2 O-O 8. O-O b6 9. b3 Bb7 10. Bb2 Qe7 11. Rad1 Rad8
12. Rfe1 Rfe8 13. Bf1 e5 14. dxe5 Nxe5 15. Nxe5 Bxe5 16. cxd5
cxd5 17. Nb5 Rc8 18. Qb1 d4 19. h3 Ng4 20. hxg4 Qh4 21. f4
dxe3 22. Rxe3 Bxf4 23. Rh3 Qxh3 24. gxh3 Be3+ 25. Kh2 Bf4+
26. Kg1 1/2-1/2

[Event "8th Hainan Danzhou"]
[Site "Danzhou CHN"]
[Date "2017.07.10"]
[EventDate "2017.07.09"]
[Round "2.3"]
[Result "1/2-1/2"]
[White "Ding Liren"]
[Black "Le Quang Liem"]
[WhiteElo "2781"]
[BlackElo "2726"]
[PlyCount "88"]

1. c4 c5 2. g3 Nc6 3. Bg2 g6 4. Nc3 Bg7 5. Rb1 e6 6. a3 a5
7. e4 Nge7 8. Nge2 O-O 9. O-O d6 10. d3 b6 11. Be3 Bb7 12. d4
a4 13. d5 Ne5 14. dxe6 fxe6 15. Nf4 Bc8 16. Qe2 N7c6 17. Nb5
Qe7 18. Rfd1 Rd8 19. Rbc1 Na5 20. Rc2 Bd7 21. Bh3 g5 22. Nxe6
Bxe6 23. Bxg5 Qxg5 24. Bxe6+ Kh8 25. Bf5 Qh6 26. Rd5 Nb3
27. Qd1 Nd4 28. Rc3 Nec6 29. Bxh7 Qxh7 30. Rh5 Bh6 31. g4 Kg7
32. g5 Qxe4 33. Re3 Qf4 34. Rxh6 Ne5 35. Qh5 Rh8 36. Nxd4 cxd4
37. Rxe5 Qxe5 38. Qg6+ Kf8 39. Rxh8+ Qxh8 40. Qf5+ Ke7
41. Qe4+ Kf7 42. Qf5+ Ke7 43. Qe4+ Kf7 44. Qf5+ Ke7 1/2-1/2

[Event "8th Hainan Danzhou"]
[Site "Danzhou CHN"]
[Date "2017.07.11"]
[EventDate "2017.07.09"]
[Round "3"]
[Result "0-1"]
[White "Lu Shanglei"]
[Black "Ding Liren"]
[WhiteElo "2638"]
[BlackElo "2781"]
[PlyCount "80"]

1. e4 e5 2. Nf3 Nc6 3. Bc4 Nf6 4. d3 Bc5 5. O-O O-O 6. Re1 Ng4
7. Rf1 Nf6 8. c3 d6 9. Nbd2 a5 10. Re1 Ng4 11. Re2 Kh8 12. h3
Nh6 13. Nf1 f5 14. Bg5 Qe8 15. d4 Bb6 16. exf5 Nxf5 17. dxe5
Nxe5 18. Nxe5 dxe5 19. Bd3 Qh5 20. Qd2 h6 21. Bxf5 Bxf5
22. Be3 Rad8 23. Qe1 Bd3 24. Ng3 Qg6 25. Bxb6 Qxb6 26. Rd2 e4
27. Nxe4 Bxe4 28. Rxd8 Rxd8 29. Qxe4 Qxb2 30. Rb1 Qxa2
31. Qxb7 a4 32. Kh2 a3 33. Rb4 Qxf2 34. Qxc7 Rd1 35. Qe5 Qg1+
36. Kg3 Rd3+ 37. Kh4 Qf2+ 38. g3 Rxg3 39. Qxg3 g5+ 40. Kg4 h5+
0-1

[Event "8th Hainan Danzhou"]
[Site "Danzhou CHN"]
[Date "2017.07.12"]
[EventDate "2017.07.09"]
[Round "4"]
[Result "1/2-1/2"]
[White "Ding Liren"]
[Black "Wei Yi"]
[WhiteElo "2781"]
[BlackElo "2738"]
[PlyCount "127"]

1. d4 Nf6 2. c4 e6 3. g3 d5 4. Bg2 Be7 5. Nf3 O-O 6. O-O dxc4
7. Qc2 b5 8. a4 b4 9. Nfd2 c6 10. Nxc4 Qxd4 11. Rd1 Qc5 12. b3
Ba6 13. Nbd2 Nbd7 14. Bb2 Rad8 15. Rac1 Nb6 16. Ne5 Bxe2
17. Re1 Qxc2 18. Rxc2 Bd3 19. Rcc1 Bg6 20. Ndf3 Be4 21. a5 Nc8
22. Nxc6 Bxc6 23. Rxc6 Rd3 24. Re3 Rd1+ 25. Re1 Rd3 26. Rec1
Nd6 27. Nd4 Nd5 28. Bxd5 exd5 29. Re1 Bf6 30. Rxd6 Bxd4
31. Bxd4 Rxd4 32. a6 Rd3 33. Re3 Rxe3 34. fxe3 Rc8 35. Rd7 h5
36. Rxa7 Rc1+ 37. Kf2 Ra1 38. Kf3 Rf1+ 39. Ke2 Ra1 40. Kd3
Rd1+ 41. Kc2 Ra1 42. Kb2 Ra5 43. Rb7 Rxa6 44. Rxb4 Re6 45. Rh4
g6 46. b4 Kf8 47. Kc3 Ke7 48. Kd4 Kd6 49. e4 Re5 50. Rf4 Ke6
51. exd5+ Rxd5+ 52. Kc3 g5 53. Re4+ Kd6 54. Re8 Rf5 55. Rh8 h4
56. gxh4 Rf3+ 57. Kc4 Rf4+ 58. Kb5 Rxh4 59. Rxh4 gxh4 60. Ka6
Kc7 61. Ka7 Kc6 62. Ka6 Kc7 63. Ka7 Kc6 64. Ka6 1/2-1/2

[Event "8th Hainan Danzhou"]
[Site "Danzhou CHN"]
[Date "2017.07.13"]
[EventDate "2017.07.09"]
[Round "5.5"]
[Result "0-1"]
[White "Ruslan Ponomariov"]
[Black "Ding Liren"]
[WhiteElo "2699"]
[BlackElo "2781"]
[PlyCount "104"]

1. d4 Nf6 2. c4 e6 3. Nc3 Bb4 4. e3 O-O 5. Bd3 d5 6. Ne2 dxc4
7. Bxc4 c5 8. Bd2 cxd4 9. Nxd4 e5 10. Nf3 Nc6 11. a3 Bd6
12. Qc2 Bg4 13. Ng5 Rc8 14. O-O e4 15. Ngxe4 Ne5 16. Nxd6 Qxd6
17. Ba2 Be2 18. f4 Bxf1 19. fxe5 Bd3 20. exd6 Bxc2 21. Nd5
Nxd5 22. Bxd5 Ba4 23. e4 Bc6 24. Bb3 Rce8 25. Bc2 Re6 26. Re1
Rfe8 27. Bf4 g5 28. Bg3 h5 29. h4 gxh4 30. Bf4 Rg6 31. Re2 Rg4
32. Rf2 h3 33. g3 h4 34. Kh2 hxg3+ 35. Bxg3 Bxe4 36. Kxh3 f5
37. Bxe4 Rgxe4 38. Rxf5 Rd4 39. Rf3 Kg7 40. Rc3 Kf6 41. Rf3+
Ke6 42. Re3+ Kd7 43. Rc3 Rc8 44. Re3 Rh8+ 45. Kg2 Rd2+ 46. Kf3
Rf8+ 47. Kg4 Rxb2 48. Re7+ Kc6 49. Rc7+ Kb6 50. d7 Rg8+
51. Kf5 Rf2+ 52. Ke4 Rg4+ 0-1

[Event "8th Hainan Danzhou"]
[Site "Danzhou CHN"]
[Date "2017.07.15"]
[EventDate "2017.07.09"]
[Round "6.1"]
[Result "1-0"]
[White "Vassily Ivanchuk"]
[Black "Ding Liren"]
[WhiteElo "2729"]
[BlackElo "2781"]
[PlyCount "79"]

1. e4 e5 2. Nf3 Nc6 3. Bb5 a6 4. Ba4 Nf6 5. O-O Be7 6. Re1 b5
7. Bb3 O-O 8. h3 Bb7 9. d3 d5 10. exd5 Nxd5 11. a4 Nd4
12. Nxd4 exd4 13. axb5 axb5 14. Rxa8 Bxa8 15. Na3 Bb4 16. Bd2
Bxd2 17. Qxd2 Qf6 18. Bxd5 Bxd5 19. Nxb5 Bxg2 20. Kxg2 Qc6+
21. Kh2 Qxb5 22. Qf4 Qxb2 23. Qxc7 Qb4 24. Re4 g6 25. Kg2 h5
26. c4 Qc3 27. Qg3 Rd8 28. Re5 Kf8 29. Qf3 Rd6 30. c5 Ra6
31. Qe4 Rf6 32. Re8+ Kg7 33. Qe7 Rf5 34. Qf8+ Kf6 35. Qe7+ Kg7
36. Qf8+ Kf6 37. Qh8+ Kg5 38. Re4 Rxc5 39. f4+ Kf5 40. Re5+
1-0

[Event "8th Hainan Danzhou"]
[Site "Danzhou CHN"]
[Date "2017.07.16"]
[EventDate "2017.07.09"]
[Round "7"]
[Result "1/2-1/2"]
[White "Ding Liren"]
[Black "Yu Yangyi"]
[WhiteElo "2781"]
[BlackElo "2753"]
[PlyCount "142"]

1. Nf3 d5 2. g3 Bg4 3. Bg2 c6 4. O-O Nd7 5. h3 Bxf3 6. Bxf3
Ngf6 7. d3 e5 8. e4 Bc5 9. Nc3 dxe4 10. Nxe4 Nxe4 11. dxe4 O-O
12. Qe2 Qe7 13. Rd1 Rfd8 14. Bd2 h6 15. Be1 Nf6 16. Kg2 Rxd1
17. Rxd1 Rd8 18. Rxd8+ Qxd8 19. b4 Bb6 20. Bc3 Bd4 21. Qd3 Qb6
22. Be1 Qd8 23. a4 Bb6 24. Qb3 a6 25. a5 Ba7 26. Qc4 Qd4
27. Qe2 Qb2 28. Qd3 Qd4 29. Qxd4 Bxd4 30. Kf1 Kf8 31. Ke2 Ke7
32. Kd3 Ne8 33. Bg4 Kd8 34. f4 Nf6 35. Bd1 Ke7 36. g4 Nd7
37. g5 hxg5 38. fxg5 Nf8 39. h4 Ne6 40. Bg3 Kd6 41. c3 Bg1
42. Bb3 g6 43. Ke2 Nd8 44. Kf3 Ne6 45. Bc4 Nd8 46. Kg4 Be3
47. Be1 Ne6 48. Kf3 Bf4 49. Bf1 Ke7 50. Bh3 Kd6 51. Ke2 Bc1
52. Kf3 Bf4 53. Bf1 Bc1 54. Bc4 Ke7 55. Ke2 Nf4+ 56. Kd1 Be3
57. Bg3 f6 58. gxf6+ Kxf6 59. Bf1 g5 60. hxg5+ Kxg5 61. Bxf4+
Kxf4 62. Bh3 Kxe4 63. Ke2 b6 64. Bg2+ Kf4 65. Bxc6 bxa5
66. bxa5 Ba7 67. Bb7 Bb8 68. Bxa6 Bc7 69. Bd3 Bxa5 70. Bc2 e4
71. Bxe4 Bxc3 1/2-1/2

[Event "8th Hainan Danzhou"]
[Site "Danzhou CHN"]
[Date "2017.07.17"]
[EventDate "2017.07.09"]
[Round "8"]
[Result "0-1"]
[White "Vladimir Malakhov"]
[Black "Ding Liren"]
[WhiteElo "2722"]
[BlackElo "2781"]
[PlyCount "98"]

1. e4 e5 2. Nf3 Nc6 3. Bc4 Nf6 4. d3 Bc5 5. O-O O-O 6. h3 d6
7. c3 a5 8. a4 Be6 9. Bxe6 fxe6 10. Nbd2 Qe8 11. Nc4 Qg6
12. Be3 Bxe3 13. Nxe3 Nh5 14. Nh4 Qg5 15. Nf3 Qg6 16. Nh4 Qh6
17. Ng4 Qg5 18. Nf3 Qg6 19. g3 Nf6 20. Nh4 Qe8 21. Kg2 Nd7
22. Nf3 Qg6 23. Qc2 Rf7 24. Rae1 Raf8 25. Ngh2 Nc5 26. Re3 b6
27. Qd1 h6 28. Nh4 Qh7 29. Qc2 d5 30. N4f3 d4 31. Re2 Qg6
32. Ne1 Rd7 33. Nhf3 Qh5 34. Nh2 Rfd8 35. c4 Rf8 36. b3 Rdf7
37. Rd2 Nb4 38. Qb1 Qg5 39. Rb2 Rf6 40. Qd1 Rg6 41. Nhf3 Qh5
42. Rd2 Kh7 43. Rh1 Rgf6 44. Rf1 Nc6 45. Rb2 Kg8 46. Qe2 Nb4
47. g4 Qe8 48. Nxe5 Qd8 49. N5f3 Rxf3 0-1

[Event "8th Hainan Danzhou"]
[Site "Danzhou CHN"]
[Date "2017.07.18"]
[EventDate "2017.07.09"]
[Round "9"]
[Result "1/2-1/2"]
[White "Ding Liren"]
[Black "Arkadij Naiditsch"]
[WhiteElo "2781"]
[BlackElo "2712"]
[PlyCount "145"]

1. d4 Nf6 2. c4 e6 3. g3 d5 4. Bg2 dxc4 5. Nf3 c5 6. O-O Nc6
7. Qa4 Bd7 8. Qxc4 b5 9. Qc3 b4 10. Qd3 Rc8 11. dxc5 Bxc5
12. Be3 Bxe3 13. Qxe3 O-O 14. Nbd2 Qe7 15. Nc4 Rfd8 16. Rac1
Ng4 17. Qd2 Be8 18. Qf4 h5 19. e3 e5 20. Qe4 g6 21. h4 Bd7
22. Nfd2 Bf5 23. Qf3 Nf6 24. e4 Nd4 25. Qe3 Ng4 26. Qe1 Be6
27. f3 Nf6 28. Rf2 Nd7 29. Bf1 Rc7 30. Ne3 Nb6 31. b3 Rxc1
32. Qxc1 a5 33. Ndc4 Qc5 34. Kg2 Nb5 35. Qe1 Nc3 36. Nxb6 Qxb6
37. Bc4 Rd4 38. Bxe6 Qxe6 39. Rd2 Qd7 40. Nc4 a4 41. bxa4 Qc7
42. Nb2 Nxa2 43. Qf2 Nc3 44. Rxd4 exd4 45. Qc2 Qa5 46. Nd3
Nxa4 47. Qc4 Nc3 48. Qxb4 Qa2+ 49. Qb2 Qc4 50. Ne5 Qc7 51. Nd3
Qa7 52. Qd2 Qa4 53. Nf4 Qc4 54. Kf2 Na4 55. Nd5 Nc3 56. Nf4
Kh7 57. Kg2 Qa4 58. e5 Qc4 59. e6 fxe6 60. Qc2 d3 61. Nxd3 Nd5
62. Qxc4 Ne3+ 63. Kf2 Nxc4 64. Nc5 e5 65. Nd7 Kg8 66. Ke2 Kg7
67. Kd3 Nd6 68. Nxe5 Nf5 69. g4 hxg4 70. fxg4 Nxh4 71. g5 Nf5
72. Nxg6 Kxg6 73. Ke4 1/2-1/2

[Event "Chinese Chess League"]
[Site "China CHN"]
[Date "2017.07.26"]
[EventDate "2017.04.18"]
[Round "8.4"]
[Result "1/2-1/2"]
[White "Alexander Grischuk"]
[Black "Ding Liren"]
[WhiteElo "2761"]
[BlackElo "2781"]
[PlyCount "74"]

1. e4 e5 2. Nf3 Nc6 3. Bb5 a6 4. Ba4 Nf6 5. O-O Be7 6. Re1 b5
7. Bb3 O-O 8. a4 b4 9. a5 d6 10. d3 Be6 11. Bxe6 fxe6 12. Nbd2
Rb8 13. c3 bxc3 14. bxc3 Rb5 15. d4 exd4 16. cxd4 Nb4 17. Nf1
c5 18. dxc5 dxc5 19. Qb3 Qc8 20. Qc4 Nc6 21. Bd2 Ng4 22. Bc3
Rxf3 23. gxf3 Nge5 24. Qe2 c4 25. f4 Nd3 26. Qg4 g6 27. f5
Nxe1 28. Rxe1 Ne5 29. Bxe5 Rxe5 30. Ng3 c3 31. fxg6 Rg5
32. gxh7+ Kh8 33. Qf3 c2 34. Rc1 Rc5 35. Qf7 Qf8 36. Qxf8+
Bxf8 37. Nf1 Bh6 1/2-1/2

[Event "Chinese Chess League"]
[Site "China CHN"]
[Date "2017.07.27"]
[EventDate "2017.04.18"]
[Round "9.3"]
[Result "1-0"]
[White "Ding Liren"]
[Black "Lin Chen"]
[WhiteElo "2781"]
[BlackElo "2449"]
[PlyCount "81"]

1. Nf3 Nf6 2. g3 g6 3. Bg2 Bg7 4. c4 O-O 5. d4 d6 6. O-O Nc6
7. Nc3 Bg4 8. d5 Na5 9. b3 c5 10. Bd2 a6 11. h3 Bxf3 12. Bxf3
b5 13. cxb5 axb5 14. Nxb5 Qd7 15. a4 Qxh3 16. e4 h5 17. Bg2
Qg4 18. Ra3 Qxd1 19. Rxd1 Rfb8 20. e5 Ne8 21. exd6 Nxd6
22. Bf1 Rb6 23. Rb1 Kf8 24. Nxd6 exd6 25. b4 Rab8 26. b5 Ra8
27. Re1 Rb7 28. Bf4 Rb6 29. Re4 Bf6 30. Rf3 Kg7 31. Kg2 Nb7
32. Bd2 Be5 33. a5 Nxa5 34. Ra4 Nb3 35. Bh6+ Kxh6 36. Rxa8 Nd2
37. Rxf7 Nxf1 38. Kxf1 g5 39. Ra6 Rxb5 40. Re7 Rb1+ 41. Kg2
1-0

[Event "Chinese Chess League"]
[Site "China CHN"]
[Date "2017.07.28"]
[EventDate "2017.04.18"]
[Round "10.5"]
[Result "1/2-1/2"]
[White "Ziji Zhang"]
[Black "Ding Liren"]
[WhiteElo "2394"]
[BlackElo "2781"]
[PlyCount "97"]

1. d4 Nf6 2. c4 e6 3. Nf3 d5 4. Nc3 c6 5. e3 Nbd7 6. Qc2 Bd6
7. Bd3 dxc4 8. Bxc4 b5 9. Be2 O-O 10. O-O a6 11. Rd1 Qc7
12. e4 e5 13. g3 Re8 14. a3 exd4 15. Nxd4 Be5 16. Bf3 Nb6
17. Bg2 c5 18. Nde2 Rb8 19. Bf4 b4 20. Na4 Nxa4 21. Qxa4 Bg4
22. f3 Be6 23. Qxa6 h5 24. axb4 Rxb4 25. Qa5 Rxb2 26. Qxc7
Bxc7 27. Bxc7 Rxe2 28. Rac1 Bb3 29. Rd8 Rxd8 30. Bxd8 Nd7
31. Bc7 Ra2 32. Bf1 g5 33. Bb5 Ra7 34. Bd6 g4 35. fxg4 hxg4
36. Bxc5 Nxc5 37. Rxc5 Be6 38. Be2 Kh7 39. Kf2 Kh6 40. Bc4
Bxc4 41. Rxc4 Ra2+ 42. Ke3 Rxh2 43. Kf4 Rf2+ 44. Kxg4 Kg7
45. Rc5 Re2 46. Rg5+ Kf6 47. Rf5+ Kg6 48. Rf4 Re3 49. Kh4
1/2-1/2

[Event "Ding Liren - Giri"]
[Site "Wenzhou CHN"]
[Date "2017.08.08"]
[EventDate "2017.08.08"]
[Round "1"]
[Result "1/2-1/2"]
[White "Anish Giri"]
[Black "Ding Liren"]
[WhiteElo "2772"]
[BlackElo "2777"]
[PlyCount "114"]

1. e4 e5 2. Nf3 Nc6 3. Bb5 a6 4. Ba4 Nf6 5. O-O Be7 6. d3 b5
7. Bb3 d6 8. a4 Bd7 9. c3 Na5 10. Bc2 c5 11. d4 Qb8 12. Bg5 h6
13. Bh4 Be6 14. Nbd2 O-O 15. h3 Rc8 16. Bg3 cxd4 17. cxd4 Nh5
18. Bh2 Nf4 19. Bxf4 exf4 20. d5 Bd7 21. Re1 Bf6 22. e5 Bxe5
23. Nxe5 dxe5 24. Nf3 Re8 25. axb5 axb5 26. d6 Nc6 27. Rxa8
Qxa8 28. Be4 Qa4 29. Bxc6 Qxd1 30. Rxd1 Bxc6 31. d7 Rd8
32. Nxe5 Ba8 33. Rd6 Kf8 34. f3 Ke7 35. Rb6 g5 36. Rxh6 f6
37. Rh7+ Ke6 38. Nd3 Kd6 39. h4 Rxd7 40. Rh8 Bd5 41. b4 Rg7
42. hxg5 fxg5 43. Rh6+ Kc7 44. Rf6 Bc4 45. Nc5 g4 46. Rxf4
gxf3 47. Rxf3 Bd5 48. Rf2 Rg4 49. Rd2 Kc6 50. Nd3 Kd6 51. Kf1
Bc4 52. Kf2 Bxd3 53. Rxd3+ Ke5 54. Rb3 Kf5 55. Rf3+ Ke5
56. Rb3 Kf5 57. Kf3 Kg5 1/2-1/2

[Event "Ding Liren - Giri"]
[Site "Wenzhou CHN"]
[Date "2017.08.09"]
[EventDate "2017.08.08"]
[Round "2"]
[Result "0-1"]
[White "Ding Liren"]
[Black "Anish Giri"]
[WhiteElo "2777"]
[BlackElo "2772"]
[PlyCount "90"]

1. e4 e5 2. Nf3 Nc6 3. Bc4 Bc5 4. O-O Nf6 5. d3 O-O 6. h3 d6
7. c3 a6 8. a4 Ba7 9. Re1 h6 10. Nbd2 Be6 11. Bxe6 fxe6
12. Nf1 Nh5 13. Be3 a5 14. Bxa7 Rxa7 15. d4 Qf6 16. Re3 Nf4
17. h4 Qg6 18. g3 Raa8 19. dxe5 Nxe5 20. Nxe5 dxe5 21. f3 Rad8
22. Qc2 Nh5 23. Kh2 Rf6 24. Rd1 Rdf8 25. Rdd3 Qf7 26. Qd1 Rg6
27. Qe1 Qe7 28. Kh3 Rxg3+ 29. Nxg3 Nf4+ 30. Kh2 Qxh4+ 31. Kg1
Rf6 32. Rd8+ Kh7 33. Rd2 Rg6 34. Rg2 h5 35. Rh2 Rxg3+ 36. Kh1
Qg5 37. Qf1 h4 38. Re1 h3 39. Rd1 Qh5 40. Rd7 Qxf3+ 41. Qxf3
Rxf3 42. Rhd2 Kh6 43. Rd8 Kh5 44. Rh8+ Kg4 45. Rd1 Ne2 0-1

[Event "Ding Liren - Giri"]
[Site "Wenzhou CHN"]
[Date "2017.08.10"]
[EventDate "2017.08.08"]
[Round "3"]
[Result "1/2-1/2"]
[White "Anish Giri"]
[Black "Ding Liren"]
[WhiteElo "2772"]
[BlackElo "2777"]
[PlyCount "122"]

1. e4 e5 2. Nf3 Nc6 3. Bb5 a6 4. Ba4 Nf6 5. O-O Be7 6. Re1 b5
7. Bb3 O-O 8. a4 b4 9. d4 d6 10. dxe5 Nxe5 11. Nxe5 dxe5
12. Qe2 a5 13. Rd1 Ba6 14. Qf3 Qc8 15. Bg5 c5 16. Bxf6 Bxf6
17. Bd5 Rb8 18. c4 Rb6 19. Nd2 Qc7 20. Nb3 Be7 21. Nc1 Bc8
22. Nd3 Rg6 23. Qe3 h5 24. b3 h4 25. Ra2 Bd6 26. f3 Qe7
27. Rf2 Qg5 28. Qxg5 Rxg5 29. Re1 Re8 30. Kf1 Kf8 31. Ree2 f6
32. Ke1 Ke7 33. Kd1 Kd7 34. Kc2 Kc7 35. Re1 Re7 36. Ree2 Rh5
37. Re1 Rh8 38. Rfe2 g6 39. Kd2 Kb6 40. Kc2 Rc7 41. Rf2 Re7
42. Rfe2 Rhe8 43. Kd2 Rh7 44. Kc2 Bf8 45. Rf2 Bh6 46. Rfe2 Bg5
47. Kd1 Ree7 48. Rg1 Rh5 49. Ke1 Bf4 50. Rh1 g5 51. h3 Rh8
52. Kd1 Rd8 53. Kc2 f5 54. Nxf4 gxf4 55. Rd1 fxe4 56. Bxe4 Rd4
57. Rxd4 exd4 58. Kd2 Kc7 59. Re1 Kd6 60. Re2 Re5 61. Re1 Be6
1/2-1/2

[Event "Ding Liren - Giri"]
[Site "Wenzhou CHN"]
[Date "2017.08.11"]
[EventDate "2017.08.08"]
[Round "4"]
[Result "1/2-1/2"]
[White "Ding Liren"]
[Black "Anish Giri"]
[WhiteElo "2777"]
[BlackElo "2772"]
[PlyCount "65"]

1. Nf3 d5 2. c4 d4 3. b4 f6 4. d3 e5 5. a3 a5 6. b5 Ne7 7. e3
dxe3 8. fxe3 Nf5 9. g4 Nd6 10. Rg1 Be6 11. Qc2 Nd7 12. d4 e4
13. Nh4 f5 14. Ng2 fxg4 15. c5 Nf7 16. Nd2 Be7 17. Nxe4 a4
18. Bb2 Bb3 19. Qe2 h5 20. Nd2 Bh4+ 21. Nxh4 Qxh4+ 22. Qf2
Qxf2+ 23. Kxf2 Ng5 24. Bg2 O-O+ 25. Ke2 Nf3 26. Bxf3 gxf3+
27. Kd3 Ra5 28. Bc3 Rxb5 29. Bb4 c6 30. Raf1 b6 31. Nxb3 axb3
32. cxb6 Rf7 33. Kc3 1/2-1/2

[Event "Chinese Chess League"]
[Site "China CHN"]
[Date "2017.08.18"]
[EventDate "2017.04.18"]
[Round "12.6"]
[Result "1-0"]
[White "Ding Liren"]
[Black "Di Li"]
[WhiteElo "2777"]
[BlackElo "2462"]
[PlyCount "141"]

1. c4 e6 2. Nc3 d5 3. d4 Nf6 4. cxd5 exd5 5. Bg5 Nbd7 6. e3
Be7 7. Bd3 c6 8. Nge2 O-O 9. Qc2 Re8 10. O-O Nf8 11. a3 h6
12. Bh4 Ng4 13. Bxe7 Qxe7 14. h3 Nf6 15. Ng3 Bd7 16. b4 a5
17. Na4 axb4 18. axb4 Qxb4 19. Nc5 Rxa1 20. Rxa1 Rb8 21. Qa2
Qb6 22. Rb1 Qd8 23. Nxb7 Qc7 24. Nc5 Rxb1+ 25. Qxb1 Bc8
26. Qb4 g6 27. Ne2 Kg7 28. Nf4 h5 29. Bc2 Ng8 30. Ncd3 Bf5
31. Qc3 Ne7 32. Nc5 Bxc2 33. Qxc2 Qd6 34. Qb2 Nd7 35. Nxd7
Qxd7 36. Qb8 Qf5 37. Qc7 Qe4 38. h4 Nf5 39. Kh2 Nh6 40. Kg3
Nf5+ 41. Kh2 Nh6 42. Nh3 Ng4+ 43. Kg3 Qe6 44. Qf4 Nh6 45. Ng5
Qg4+ 46. Qxg4 Nxg4 47. Kf3 Kf6 48. Ke2 Ke7 49. f3 Nh6 50. e4
dxe4 51. fxe4 Ng4 52. Kd3 Nf2+ 53. Ke3 Ng4+ 54. Kf4 f6 55. Nf3
Kd6 56. Nd2 c5 57. Nc4+ Kc6 58. d5+ Kb5 59. e5 fxe5+ 60. Nxe5
Nf6 61. d6 Kb6 62. Kg5 Ne4+ 63. Kxg6 Nxd6 64. Kxh5 c4
65. Nxc4+ Nxc4 66. Kg6 Kc6 67. h5 Ne5+ 68. Kg7 Kd6 69. h6 Ke7
70. h7 Nf7 71. g4 1-0

[Event "Chinese Chess League"]
[Site "China CHN"]
[Date "2017.08.19"]
[EventDate "2017.04.18"]
[Round "13.1"]
[Result "1-0"]
[White "Ding Liren"]
[Black "Yiye Wang"]
[WhiteElo "2777"]
[BlackElo "2442"]
[PlyCount "51"]

1. d4 d5 2. c4 c6 3. Nf3 Nf6 4. e3 Bg4 5. Qb3 Qb6 6. Nc3 e6
7. Nh4 Bh5 8. h3 g5 9. Nf3 h6 10. c5 Qc7 11. Bd3 b6 12. cxb6
axb6 13. g4 Bg6 14. Bxg6 fxg6 15. e4 b5 16. O-O b4 17. e5 bxc3
18. exf6 Nd7 19. Re1 Kf7 20. Qxc3 Kxf6 21. h4 gxh4 22. g5+ Kf7
23. Nxh4 hxg5 24. Bxg5 Rh5 25. Qf3+ Kg7 26. Qg4 1-0

[Event "Chinese Chess League"]
[Site "China CHN"]
[Date "2017.08.21"]
[EventDate "2017.04.18"]
[Round "15.2"]
[Result "1/2-1/2"]
[White "Ding Liren"]
[Black "Zhihang Xu"]
[WhiteElo "2777"]
[BlackElo "2369"]
[PlyCount "94"]

1. e4 c5 2. Nf3 Nc6 3. d4 cxd4 4. Nxd4 g6 5. c4 Nf6 6. Nc3
Nxd4 7. Qxd4 d6 8. f3 Bg7 9. Be3 O-O 10. Qd2 a5 11. b3 a4
12. b4 Be6 13. Rc1 Nd7 14. Be2 a3 15. Nd5 f5 16. exf5 Rxf5
17. O-O Bxd5 18. g4 Re5 19. cxd5 Nb6 20. f4 Rxd5 21. Bc4 e6
22. Bxd5 Nxd5 23. f5 gxf5 24. gxf5 Qh4 25. Bg5 Bd4+ 26. Kh1
Qe4+ 27. Qg2 Qxg2+ 28. Kxg2 Be3 29. Bxe3 Nxe3+ 30. Kg3 Nxf1+
31. Rxf1 Kf7 32. Rc1 Rg8+ 33. Kf3 e5 34. Rc7+ Kf6 35. Rxb7
Kxf5 36. Rxh7 Rb8 37. Rh6 Rxb4 38. Rxd6 Rb2 39. h4 Rxa2
40. Ra6 e4+ 41. Kg3 e3 42. h5 e2 43. Kf2 Ra1 44. Kxe2 a2
45. h6 Rh1 46. h7 Rxh7 47. Kd3 Ke5 1/2-1/2

[Event "World Cup"]
[Site "Tbilisi GEO"]
[Date "2017.09.03"]
[EventDate "2017.09.03"]
[Round "1.1"]
[Result "1-0"]
[White "Ding Liren"]
[Black "Mohamed Amine Haddouche"]
[WhiteElo "2777"]
[BlackElo "2487"]
[PlyCount "91"]

1. d4 Nf6 2. c4 g6 3. g3 c6 4. Bg2 d5 5. Nf3 Bg7 6. Qb3 Qb6
7. Nc3 O-O 8. O-O Rd8 9. Bd2 Be6 10. Na4 Qxb3 11. axb3 Na6
12. Rfc1 Ne8 13. e3 h6 14. Ba5 Rdc8 15. Nd2 Nec7 16. Bf1 Bd7
17. Bxc7 Rxc7 18. cxd5 cxd5 19. Bxa6 Rxc1+ 20. Rxc1 bxa6
21. Rc7 Bxa4 22. bxa4 e5 23. dxe5 Bxe5 24. Rb7 Rb8 25. Rxa7
Rb6 26. a5 Rc6 27. Rb7 Rc2 28. Nf3 Rxb2 29. Ra7 Bc3 30. Rxa6
Kg7 31. Rb6 Ra2 32. a6 Ra4 33. Kg2 Ra2 34. g4 Ra4 35. Kg3 Ra3
36. Kg2 Ra4 37. h3 Ra2 38. h4 Ra4 39. g5 hxg5 40. hxg5 Ra2
41. Rc6 Ra3 42. Rc7 Ba5 43. Rb7 Bc3 44. a7 Ba1 45. Nd4 Bxd4
46. exd4 1-0

[Event "World Cup"]
[Site "Tbilisi GEO"]
[Date "2017.09.04"]
[EventDate "2017.09.03"]
[Round "1.2"]
[Result "1/2-1/2"]
[White "Mohamed Amine Haddouche"]
[Black "Ding Liren"]
[WhiteElo "2487"]
[BlackElo "2777"]
[PlyCount "57"]

1. e4 e5 2. Nf3 Nc6 3. Bb5 a6 4. Ba4 Nf6 5. d3 b5 6. Bb3 Bc5
7. Nc3 O-O 8. Nd5 Nxd5 9. Bxd5 Rb8 10. Be3 Bxe3 11. fxe3 Ne7
12. Bb3 d6 13. O-O Nc6 14. Qe1 a5 15. a4 b4 16. Qg3 Be6
17. Bxe6 fxe6 18. Ng5 Qe7 19. Qg4 Rxf1+ 20. Rxf1 Nd8 21. b3 h6
22. Nf3 Nf7 23. Nh4 Re8 24. Qh5 c5 25. Rf2 Nh8 26. Ng6 Nxg6
27. Qxg6 Rf8 28. Rxf8+ Kxf8 29. g3 1/2-1/2

[Event "World Cup"]
[Site "Tbilisi GEO"]
[Date "2017.09.06"]
[EventDate "2017.09.03"]
[Round "2.1"]
[Result "1/2-1/2"]
[White "Martyn Kravtsiv"]
[Black "Ding Liren"]
[WhiteElo "2670"]
[BlackElo "2771"]
[PlyCount "91"]

1. e4 e5 2. Nf3 Nc6 3. Bc4 Bc5 4. O-O Nf6 5. d3 O-O 6. Nbd2 d6
7. c3 a5 8. h3 Be6 9. Bb5 h6 10. b3 Ba7 11. Re1 Ne7 12. d4 Ng6
13. Bf1 Re8 14. Bb2 c6 15. Qc2 Qc7 16. Rad1 Rad8 17. c4 exd4
18. Bxd4 Bxd4 19. Nxd4 Bd7 20. Ne2 Qb6 21. Ng3 Nh4 22. Qc3 Be6
23. Nb1 d5 24. exd5 cxd5 25. c5 Qc7 26. Qd4 Ng6 27. Nc3 Rc8
28. Na4 Bd7 29. Rxe8+ Rxe8 30. Nb6 Bc6 31. a3 Nf4 32. b4 Ne6
33. Qh4 Rd8 34. Nf5 axb4 35. axb4 Qe5 36. Nd4 Be8 37. Qg3 Qxg3
38. fxg3 Ne4 39. Rd3 Kf8 40. g4 Nxd4 41. Rxd4 Bc6 42. Nc4 Ra8
43. Na5 Nxc5 44. Nxc6 Ne6 45. Rxd5 bxc6 46. Rd6 1/2-1/2

[Event "World Cup"]
[Site "Tbilisi GEO"]
[Date "2017.09.07"]
[EventDate "2017.09.03"]
[Round "2.2"]
[Result "1/2-1/2"]
[White "Ding Liren"]
[Black "Martyn Kravtsiv"]
[WhiteElo "2771"]
[BlackElo "2670"]
[PlyCount "118"]

1. c4 e6 2. Nc3 d5 3. d4 Nf6 4. cxd5 Nxd5 5. e4 Nxc3 6. bxc3
c5 7. Rb1 Be7 8. Nf3 O-O 9. Bc4 Nc6 10. O-O b6 11. d5 Na5
12. Bd3 c4 13. Bc2 exd5 14. exd5 Bb7 15. Re1 Qd6 16. Ne5 Qxd5
17. Qg4 Rad8 18. Qh3 f5 19. Bf4 Bc8 20. g4 Bf6 21. Rbd1 Qb5
22. Rxd8 Rxd8 23. gxf5 Bb7 24. Ng4 Qd5 25. Nxf6+ gxf6 26. f3
Qxf3 27. Qxf3 Bxf3 28. Kf2 Bc6 29. Bh6 Kh8 30. Re6 Bd5
31. Rxf6 Kg8 32. Kg3 Nb7 33. Be3 Nd6 34. Bd4 Ne4+ 35. Bxe4
Bxe4 36. Kf4 Bd5 37. a3 Rd7 38. h4 Rd8 39. h5 Bb7 40. Re6 Kf7
41. a4 Rd5 42. Re1 Bc8 43. Be5 Rd2 44. Bd4 Rh2 45. f6 Be6
46. Kg5 Ra2 47. Rg1 Rxa4 48. Kf4 Kf8 49. Rg7 h6 50. Rb7 Ra1
51. Be3 Ra5 52. Bd4 Rf5+ 53. Ke3 Rxh5 54. Rxa7 b5 55. Rc7 Rg5
56. Kf4 Kg8 57. Rb7 Rf5+ 58. Ke4 Rg5 59. Kf4 Rf5+ 1/2-1/2